Nonstrictly hyperbolic conservation laws : proceedings of an AMS special session, held in January 9-10, 1985

Αποθηκεύτηκε σε:
Λεπτομέρειες βιβλιογραφικής εγγραφής
Συλλογικό Έργο: Special Session on Nonstrictly Hyperbolic Conservation Laws, American Mathematical Society
Άλλοι συγγραφείς: Keyfitz, Barbara Lee (Επιμελητής έκδοσης), Kranzer, Herbert C. (Επιμελητής έκδοσης)
Μορφή: Βιβλίο
Γλώσσα:English
Δημοσίευση: Providence, R.I. : American Mathematical Society, c1987
Σειρά:Contemporary mathematics (American Mathematical Society) ; ; v.60
Θέματα:
Ετικέτες: Προσθήκη ετικέτας
Δεν υπάρχουν, Καταχωρήστε ετικέτα πρώτοι!

MARC

LEADER 00000nam a2200000 i 4500
001 1/3178
008 000518s1987 eng d
020 |a 0-8218-5069-5 
035 |l 10060705 
040 |a GR-MY-UA  |b gre  |e aacr 
041 0 |a eng 
082 0 |a 532.05 
110 2 |a Special Session on Nonstrictly Hyperbolic Conservation Laws. 
245 1 0 |a Nonstrictly hyperbolic conservation laws :  |b proceedings of an AMS special session, held in January 9-10, 1985 /  |c Barbara Lee Keyfitz and Herbert C. Kranzer, editors 
260 |a Providence, R.I. :   |b American Mathematical Society,   |c c1987 
300 |a ix, 133 p.;  |b ill.;  |c 26 cm. 
490 1 |a Contemporary mathematics  |v ; v. 60 
500 |a "Proceedings of the Special Session of Nonstrictly Hyperbolic Conservation Laws, held at the 816th Meeting of the American Mathematical Society in Anaheim, California, January 9-10, 1985" 
504 |a Includes bibliographies 
650 0 0 |a Fluid dynamics  |x Congresses. 
650 0 0 |a Conservation laws (Mathematics)  |x Congresses. 
650 0 0 |a Differential equations, Partial  |x Congresses. 
700 1 |a Keyfitz, Barbara Lee.  |4 edt 
700 1 |a Kranzer, Herbert C.  |4 edt 
710 2 |a American Mathematical Society. 
830 0 |a Contemporary mathematics (American Mathematical Society) ;  |v ; v.60 
852 |a INST  |b SAMOS  |e 20000518  |h 532.05 SPE  |p 005300017398  |q 005300017398  |t BK  |y 0 
901 |a BIBL3-2000-2 
909 |a Σ  |b 067866 
922 |a 3ΕΛΗ  |b 199911  |c ΕΠΕΑΕΚ/ΜΑΘ  |d ΠΑΠΑΣΩΤΗΡΙΟΥ 
970 |a ΚΟΣΙΕΡΗΣ  |b ΧΡΗΣΤΟΣ  |z 2000/05/18